000 00997nam0a2200289 4500
001 RU\NLR\bibl\878298
005 20260405070254.0
010 _a5-98891-018-1
_98000
021 _aRU
_b2005-70430
_93469
021 _aRU
_b2010-18566
_91248
035 _a(NLR Aleph) 000866880
090 _a1574857
_c1574857
100 _a20051124d2005 |||y0rusy50 ca
101 0 _arus
102 _aRU
105 _aa |||||||||
200 1 _aСветлый Ангел Рождества
_fОльга Першина
_gхудож. Ольга Хорошавина
210 _aМосква
_cПриход храма Святаго Духа сошествия
_d2005
215 _a45,[3] с.
_cцв. ил.
_d29
686 _aШ9(2)62=Р7-4
700 1 _4070
_7ca
_8rus
_aПершина
_bО. И.
_f1955-
_gОльга Иннокентьевна
_96853
_3RU\NLR\auth\7723800
801 0 _aRU
_bNLR
_c20051124
_grcr
801 1 _aRU
_bNLR
_c20051124
942 _cBOOK
980 _aNB